000
00228nam a2200097Ia 4500
008
240331s9999 xx 000 0 und d
082
_a
294.4
_b
BHA
100
_a
Bhattacharyya,H.M
245
0
_a
Jaina logic and epistemology
942
_c
L
999
_c
934
_d
934